=LDR 00000nam 2200000 4500 =001 INLIS000000000045101 =005 20141218081944.0 =006 =007 =008 =020 ##$$a 978-979-078-263-1 =035 ##$$0010-121400000000251 =040 ##$$a NBPDMAT =082 ##$$a 372.35 =090 ##$$a 372.35 $b Ire i =100 ##$$a Irene Patricia =245 ##$$a IPA (ilmu npengetahuan alam) untuk SD dan MI kleas 1 / Irene Patricia =260 ##$$a Jakarta : $b Dian Rakyat, $c 2012 =300 ##$$a viii, 136 hlm. : ilus. ; $c 24 cm. =650 ##$$a Sauns-SD